01683cam a22003977a 4500003000500000005001700005008004100022010001000063011001000073035001000083040000900093090001000102100004600112245012200158260004000280300002100320502007600341590003700417590004100454590004100495590004100536590004100577590004200618650001700660650002700677650003700704901000700741942000900748949003500757949004000792949004700832999001700879952013100896952013101027952012701158CHAP20220329135151.0971013s1979 r 00010 d a32013 a32985 a37100 cCHAP aTesis00aMartínez Peniche, Ramón Alvar.97237513aEl injerto en T leñoso en vid (Vitis spp) como método para introducir variedaddes aptas en el norte de Guanajuato aChapingo, Méx. :bEl autor,c1979 a59 h.b; gráfs aTesis (Ing. Agr. Esp. en Fitotecnia) -- ENA. Departamento de Fitotecnia aALEPHb10c20130110lUCH01h1254 aBATCH-UPDb10c20130110lUCH01h0128 aBATCH-UPDb10c20130110lUCH01h1725 aBATCH-UPDb10c20130410lUCH01h1107 aBATCH-UPDb10c20130914lUCH01h1806 aCONVERSIONb10c20130109lUCH01h131814aVid.911909714aVidxInjertos.911912014aViticulturaxGuanajuato.9120060 aBK cFOLL bBCcTESd-85105eTS1i37100si bBCcTESd-85106eTS2fc.2i37100si bBCcTESd-85107eTS2fc.3h22016i37100si c32013d32013 00102local4053708TESISaBCbBCcPA_TESISd2012-12-17fFOLLl0oTesisp-85106r2019-12-31 00:00:00tc.2w2019-12-31yTESIS 00102local4053708TESISaBCbBCcPA_TESISd2012-12-17fFOLLl0oTesisp-85107r2019-12-31 00:00:00tc.3w2019-12-31yTESIS 00102local4051708TESISaBCbBCcPA_TESISd2019-12-31fTESISl0oTesisp-85105r2019-12-31 00:00:00w2019-12-31yTESIS